000 00630nam a2200229Ia 4500
003 OSt
005 20230516151104.0
008 210423s2014 xx 000 0 und d
020 _a978-1-4522-6135-5
040 _cAL
041 _aeng
082 _a302.23 BERM
100 _aBERGER (Arthur Asa)
_9105766
245 _aMedia analysis techniques: Ed 5
260 _aNew Delhi
_bSage Publications
_c2014
300 _axvii,238p
_bPB
365 _b4788.8
_cUSD
650 _aSocial Interaction
_9105767
650 _aSocial Sciences
_9105768
906 _aanalysis ; Ed ; Media ; techniques ; techniques:
942 _2ddc
_cBK
999 _c166441
_d166441